Weapons proliferation in the 1990s (Washington quarterly readers) (Record no. 93334)

MARC details
000 -LEADER
fixed length control field 00594nam a2200205Ia 4500
008 - FIXED-LENGTH DATA ELEMENTS--GENERAL INFORMATION
fixed length control field 191130s1995##################000#0#eng##
020 ## - INTERNATIONAL STANDARD BOOK NUMBER
ISBN 9780262680868
082 ## - DEWEY DECIMAL CLASSIFICATION NUMBER
Classification number 327.174 ROB
100 ## - MAIN ENTRY--AUTHOR NAME
Personal name Roberts, Brad
245 ## - TITLE STATEMENT
Title Weapons proliferation in the 1990s (Washington quarterly readers)
Statement of responsibility, etc Brad Roberts
260 ## - PUBLICATION, DISTRIBUTION, ETC. (IMPRINT)
Place of publication Cambridge, MA
Name of publisher The MIT Press
Year of publication c 1995
300 ## - PHYSICAL DESCRIPTION
Number of Pages IX, ;S. 473 .p , ; cm.23 ,
650 ## - SUBJECT ADDED ENTRY--TOPICAL TERM
Topical Term Arms control
Topical Term Arms race
Topical Term World politics
991 ## -
-- 139386
Holdings
Withdrawn status Lost status Damaged status Not for loan Home library Current library Shelving location Date acquired Full call number Accession Number Price effective from Koha item type
        Anna Centenary Library Anna Centenary Library 3RD FLOOR, B WING 09.10.2020 327.174 ROB 462622 09.10.2020 English Books

Find us on the map